| 000 | 00589 a2200169 4500 | ||
|---|---|---|---|
| 020 | _a047074376X | ||
| 020 | _a9780470743768 | ||
| 082 | _a620.001511313 | ||
| 090 |
_c1646 _d1646 |
||
| 100 | 1 | _aRoss, Timothy J. | |
| 245 | 1 | 0 |
_aFuzzy logic with engineering applications, third edition / _cTimothy J. Ross. |
| 250 | _a2nd ed. | ||
| 260 |
_aIndia _bWiley (S. B. Printers), _c2005. |
||
| 300 |
_axxi, 585 _c25 cm. |
||
| 942 |
_aSNS _cBK _k520.001511313 ROS |
||
| 999 |
_c217166 _d217166 |
||